| 000 | 00816nam a22002531 4500 | ||
|---|---|---|---|
| 001 | 280387 | ||
| 003 | ARRUPE | ||
| 005 | 20150908094556.0 | ||
| 008 | 850225s1965 ne b 000 0deng | ||
| 010 | _a 66007718 | ||
| 040 |
_aDLC/ICU _cICU _dDLC |
||
| 050 | 0 | 0 |
_aQC6 _b.H33 |
| 082 | 0 | 0 | _a530.01 |
| 100 | 1 |
_aHeelan, Patrick A. _919432 |
|
| 245 | 1 | 0 |
_aQuantum mechanics and objectivity; _ba study of the physical philosophy of Werner Heisenberg, _cby Patrick A. Heelan. |
| 260 |
_aThe Hague, _bM. Nijhoff, _c1965. |
||
| 300 |
_axiv, 207 p. _c24 cm. |
||
| 504 | _aBibliography: p. [194]-202. | ||
| 600 | 1 | 0 |
_aHeisenberg, Werner, _d1901-1976. _913868 |
| 650 | 0 |
_aPhysics _xPhilosophy. _919433 |
|
| 650 | 0 |
_aQuantum theory. _919434 |
|
| 906 |
_a7 _bcbc _corignew _du _eocip _f19 _gy-gencatlg |
||
| 942 |
_2lcc _cMONOGRAPH |
||
| 999 |
_c123274 _d123274 |
||